| 000 | 01145nam a22003257a 4500 | ||
|---|---|---|---|
| 003 | CHAP | ||
| 005 | 20220329133752.0 | ||
| 008 | 971013s1984 r 00010 d | ||
| 010 | _a10616 | ||
| 011 | _a11588 | ||
| 035 | _a10827 | ||
| 040 | _cCHAP | ||
| 082 |
_a581.1 _bA2 1984 |
||
| 100 | 0 | 0 |
_aAcosta Zamudio, Carlos. _9711 |
| 245 | _aPrograma y prácticas del curso de fisiología vegetal | ||
| 250 | _a2 ed. | ||
| 260 |
_aChapingo, Méx. : _bUACH. Departamento de Fitotecnia, _c1984 |
||
| 300 |
_apág. varía _b: ilus. |
||
| 590 |
_aBATCH-UPD _b10 _c20130110 _lUCH01 _h1752 |
||
| 590 |
_aBATCH-UPD _b10 _c20130410 _lUCH01 _h1130 |
||
| 590 |
_aBATCH-UPD _b10 _c20130914 _lUCH01 _h0727 |
||
| 590 |
_aCONVERSION _b10 _c20130109 _lUCH01 _h1307 |
||
| 650 | 1 | 4 |
_aBotánica _xManuales de laboratorio. _914584 |
| 650 | 1 | 4 |
_aFisiología vegetal _xEstudio y enseñanza. _941140 |
| 901 | _aBK | ||
| 942 | _cLIBRO | ||
| 949 |
_a581.1 A2 1984 _bBC _cLIBRO _d33724000522413 _eLIBRO _fc.2 _h62788 _i10827 _si |
||
| 949 |
_a581.1 A2 1984 _bBC _cLIBRO _d33724000522447 _eLIBRO _h62787 _i10827 _si |
||
| 949 |
_a581.1 A2 1984 _bBC _cUACH _d-22776 _eUACH _fc.3 _h62838 _i10827 _si |
||
| 999 |
_c10616 _d10616 |
||